Southville International School and Colleges
Your cart is empty.
  • Cart
  • Lists
    Public lists Eva Luna New books Lux_list list_1
    Your lists Log in to create your own lists
  • Log in to your account
  • Your cookies
  • Search history
Southville International School and Colleges
  • Advanced search
  • Recent comments
  • Most popular
  • Libraries

Log in to your account

Log in with GOOGLE


If you do not have an external account, but do have a local account, you can still log in:

  1. Home
  2. MARC view: Essentials of anatomy and physiology laboratory manual /
Normal view MARC view ISBD view

Essentials of anatomy and physiology laboratory manual / (Record no. 288529)

[ view plain ]
MARC details
000 -LEADER
fixed length control field 01171cam a22003377a 4500
001 - CONTROL NUMBER
control field 13494761
003 - CONTROL NUMBER IDENTIFIER
control field PILC
005 - DATE AND TIME OF LATEST TRANSACTION
control field 20150827102219.0
008 - FIXED-LENGTH DATA ELEMENTS--GENERAL INFORMATION
fixed length control field 040219s2004 nyua 001 0 eng d
010 ## - LIBRARY OF CONGRESS CONTROL NUMBER
LC control number 2004296916
015 ## - NATIONAL BIBLIOGRAPHY NUMBER
National bibliography number GBA3-83252
020 ## - INTERNATIONAL STANDARD BOOK NUMBER
International Standard Book Number 047146516X
035 ## - SYSTEM CONTROL NUMBER
System control number (OCoLC)ocm53709761
040 ## - CATALOGING SOURCE
Original cataloging agency UKM
Transcribing agency UKM
Modifying agency DLC
042 ## - AUTHENTICATION CODE
Authentication code lccopycat
050 00 - LIBRARY OF CONGRESS CALL NUMBER
Classification number QM 34
Item number .Al395 2004
082 04 - DEWEY DECIMAL CLASSIFICATION NUMBER
Classification number 612.0078
100 1# - MAIN ENTRY--PERSONAL NAME
Personal name Allen, Connie,
Dates associated with a name 1945-
245 10 - TITLE STATEMENT
Title Essentials of anatomy and physiology laboratory manual /
Statement of responsibility, etc Connie Allen, Valerie Harper.
260 ## - PUBLICATION, DISTRIBUTION, ETC. (IMPRINT)
Place of publication, distribution, etc New York :
Name of publisher, distributor, etc Wiley,
Date of publication, distribution, etc 2004.
300 ## - PHYSICAL DESCRIPTION
Extent ix, 358 pages :
Other physical details illustrations ;
Dimensions 28 cm.
500 ## - GENERAL NOTE
General note Includes index.
650 #0 - SUBJECT ADDED ENTRY--TOPICAL TERM
Topical term or geographic name as entry element Human anatomy
Form subdivision Laboratory manuals.
650 #0 - SUBJECT ADDED ENTRY--TOPICAL TERM
Topical term or geographic name as entry element Human physiology
Form subdivision Laboratory manuals.
700 1# - ADDED ENTRY--PERSONAL NAME
Personal name Harper, Valerie.
856 41 - ELECTRONIC LOCATION AND ACCESS
Materials specified Table of contents only
Uniform Resource Identifier <a href="http://www.loc.gov/catdir/toc/wiley041/2004296916.html">http://www.loc.gov/catdir/toc/wiley041/2004296916.html</a>
856 42 - ELECTRONIC LOCATION AND ACCESS
Materials specified Publisher description
Uniform Resource Identifier <a href="http://www.loc.gov/catdir/enhancements/fy0620/2004296916-d.html">http://www.loc.gov/catdir/enhancements/fy0620/2004296916-d.html</a>
906 ## - LOCAL DATA ELEMENT F, LDF (RLIN)
a 7
b cbc
c copycat
d 3
e ncip
f 20
g y-gencatlg
942 ## - ADDED ENTRY ELEMENTS (KOHA)
Source of classification or shelving scheme Library of Congress Classification
Koha item type Books
Holdings
Withdrawn status Lost status Source of classification or shelving scheme Damaged status Home library Current library Shelving location Date acquired Source of acquisition Sub Shelving location Total Checkouts Full call number Barcode Date last seen Price effective from Koha item type
    Library of Congress Classification   College Library College Library General Circulation Section 08/27/2015 Donation     QM 34 .Al395 2004 C19841 05/15/2018 08/27/2015 Books

Essentials of anatomy and physiology laboratory manual /

APA

Allen C., Harper V., . (2004). Essentials of anatomy and physiology laboratory manual. New York: Wiley.

Chicago

Allen Connie, Harper Valerie, . 2004. Essentials of anatomy and physiology laboratory manual. New York: Wiley.

Harvard

Allen C., Harper V., . (2004). Essentials of anatomy and physiology laboratory manual. New York: Wiley.

MLA

Allen Connie, Harper Valerie, . Essentials of anatomy and physiology laboratory manual. New York: Wiley. 2004.

  • Place hold
  • Print
  • Cite
  • Add to your cart (remove)
  • Save record
    BIBTEX Dublin Core MARCXML MARC (non-Unicode/MARC-8) MARC (Unicode/UTF-8) MARC (Unicode/UTF-8, Standard) MODS (XML) RIS
  • More searches
    Search for this title in:
    Other Libraries (WorldCat) Other Databases (Google Scholar) Online Stores (Bookfinder.com) Open Library (openlibrary.org)

Exporting to Dublin Core...

SOUTHVILLE LIBRARY

Southville International School and Colleges Library

1281 Tropical Ave. Cor. Luxembourg St., BF Homes International, Las Pinas City

Tel. No. 8256374 / 252358 Loc. 117/146

Powered by Koha